000 00487nam a22001937a 4500
003 CEME
005 20210628202933.0
008 210211b xxu||||| |||| 00| 0 eng d
020 _a0-471-39785-7
040 _c.
082 _a658.3 DEC
100 _aDecenzo, David A Robbins, Stephen P
_962411
245 _aHuman resource management
250 _a7th
260 _aNEW YORK
_bJOHN WILEY
_c2002
300 _aXXIV,462P
650 _aPERSONNEL MANAGEMENT
_91204
942 _cBK
_2ddc
999 _c571527
_d571527